[Event "Detroit (MI Op/3/35)"]
[Site "?"]
[Date "1990.??.??"]
[Round "?"]
[White "Calton, Bill"]
[Black "Davis, J."]
[Result "1-0"]
[WhiteElo "2050"]
[BlackElo "1845"]
[PlyCount "67"]
[EventDate "1990.??.??"]

{3/(35)} 1. e4 e5 2. f4 exf4 3. Nf3 d6 4. d4 Nf6 5. Nc3 Nh5 6. Bc4 Be7 7. O-O
O-O 8. Ne2 g5 9. Nc3 c6 10. Nxg5 Ng7 11. Nf3 Kh8 12. Bxf4 b5 13. Nxb5 d5 14.
exd5 cxd5 15. Bd3 Na6 16. Nc3 Nb4 17. Bh6 Nxd3 18. Qxd3 Be6 19. Ne5 Rc8 20. Qg3
Nh5 21. Qf3 Ng7 22. Rf2 f6 23. Nd3 Rg8 24. Re1 Bf7 25. Rfe2 Rc7 26. Nf4 Nf5 27.
Qh3 Nxd4 28. Rd2 Bc5 29. Kh1 Re7 30. Rf1 Re5 31. Nd3 Rh5 32. Qe3 Re8 33. Qg3
Bd6 34. Qg7# 1-0

[Event "Detroit (MCO/2/12)"]
[Site "?"]
[Date "1990.??.??"]
[Round "?"]
[White "Calton, Bill"]
[Black "Burwell, Raymond"]
[Result "1/2-1/2"]
[WhiteElo "2025"]
[BlackElo "1740"]
[PlyCount "40"]
[EventDate "1990.??.??"]

{2/(12)} 1. e4 e5 2. f4 exf4 3. Nf3 Be7 4. Bc4 Nf6 5. Nc3 d6 6. d4 O-O 7. Bxf4
Bg4 8. O-O Nc6 9. Qd2 a6 10. Rae1 Re8 11. e5 dxe5 12. Nxe5 Nxe5 13. dxe5 Qxd2
14. Bxd2 b5 15. exf6 Bc5+ 16. Kh1 bxc4 17. fxg7 Kxg7 18. Nd5 Rxe1 19. Bc3+ Kf8
20. Rxe1 Bb6 1/2-1/2

[Event "Detroit (RVO/4)"]
[Site "?"]
[Date "1990.??.??"]
[Round "?"]
[White "Calton, Bill"]
[Black "Basin, Leonid"]
[Result "1/2-1/2"]
[WhiteElo "2015"]
[BlackElo "2510"]
[PlyCount "96"]
[EventDate "1990.??.??"]

1. d4 Nf6 2. c4 e6 3. Nc3 Bb4 4. Qc2 c5 5. dxc5 Na6 6. Bg5 Nxc5 7. Nf3 O-O 8.
g3 h6 9. Bd2 b6 10. Bg2 Ba6 11. O-O Rc8 12. b3 d5 13. Nxd5 Nxd5 14. cxd5 Na4
15. Qe4 Bxd2 16. Qxa4 Bxe2 17. Nxd2 Bxf1 18. Nxf1 exd5 19. Rd1 Qf6 20. Ne3 Qb2
21. Bxd5 Rc1 22. Rxc1 Qxc1+ 23. Kg2 Qc7 24. Qd4 Qd7 25. Qe5 Re8 26. Qf5 Qxf5
27. Nxf5 Re2 28. a4 Kf8 29. Bc4 Rd2 30. Kf3 h5 31. Ke3 Rd1 32. Ke2 Rd7 33. Ke3
g6 34. Nd4 Ke7 35. h4 Kd6 36. f4 Kc5 37. Nf3 Re7+ 38. Kd3 f6 39. Nd2 Rd7+ 40.
Kc3 Kd6 41. Bd3 Rg7 42. Kd4 Kc6 43. Nf3 Kd6 44. Be4 Ke6 45. Kc4 Kd6 46. b4 Rc7+
47. Kd4 Rg7 48. Kc4 Rc7+ 1/2-1/2

[Event "Detroit (RVO/3)"]
[Site "?"]
[Date "1990.??.??"]
[Round "?"]
[White "Calton, Bill"]
[Black "Andrews, R."]
[Result "1/2-1/2"]
[WhiteElo "2015"]
[BlackElo "2170"]
[PlyCount "52"]
[EventDate "1990.??.??"]

1. e4 e6 2. d4 d5 3. exd5 exd5 4. Bd3 Nc6 5. c3 Bd6 6. h3 Nge7 7. Ne2 Ng6 8.
Ng3 Nce7 9. O-O O-O 10. Nd2 Be6 11. Nf3 f6 12. Re1 Qd7 13. Qe2 Bf7 14. Qc2 Rfe8
15. Bd2 Bxg3 16. fxg3 Qd6 17. Bf4 Nxf4 18. gxf4 Qxf4 19. Bxh7+ Kh8 20. Bd3 Qg3
21. Qf2 Qxf2+ 22. Kxf2 Bg6 23. Bxg6 Nxg6 24. Rxe8+ Rxe8 25. Re1 Rxe1 26. Nxe1
Kg8 1/2-1/2

[Event "Detroit (RVO/1)"]
[Site "?"]
[Date "1990.??.??"]
[Round "?"]
[White "Calton, Bill"]
[Black "Albacker, D."]
[Result "1-0"]
[WhiteElo "2015"]
[BlackElo "1605"]
[PlyCount "49"]
[EventDate "1990.??.??"]

1. e4 e5 2. f4 d6 3. Nf3 Nf6 4. Nc3 Nbd7 5. Bc4 h6 6. O-O b6 7. d3 Bb7 8. Kh1
g6 9. Be3 Bg7 10. Qd2 Qe7 11. Nb5 Nc5 12. Bxc5 bxc5 13. fxe5 dxe5 14. Qa5 O-O
15. Qxc7 Qxc7 16. Nxc7 Rab8 17. Nxe5 Rbd8 18. Nxg6 Rd7 19. Nxf8 Kxf8 20. e5
Rxc7 21. exf6 Bh8 22. Bb5 Bc6 23. a4 Bb7 24. Rae1 a6 25. Re8# 1-0

[Event "Lansing (MI Am/1/14)"]
[Site "?"]
[Date "1990.??.??"]
[Round "?"]
[White "Cain, B."]
[Black "Zacks, Naum"]
[Result "0-1"]
[WhiteElo "1605"]
[BlackElo "1915"]
[PlyCount "58"]
[EventDate "1990.??.??"]

{1/(14)} 1. d4 Nf6 2. Nf3 g6 3. g3 d6 4. Bg2 Bg7 5. O-O O-O 6. c4 c6 7. Nc3 Be6
8. d5 Bg4 9. h3 Bd7 10. e4 Qc8 11. Kh2 Na6 12. a3 Nc5 13. Re1 a5 14. Bg5 Re8
15. Bxf6 Bxf6 16. Rb1 a4 17. e5 dxe5 18. Nxe5 Bf5 19. dxc6 bxc6 20. Nxc6 Bxb1
21. Nd5 Be4 22. Ncxe7+ Bxe7 23. Bxe4 Nxe4 24. Rxe4 Bg5 25. Qd4 Qf5 26. Rxe8+
Rxe8 27. c5 Rd8 28. f4 Rxd5 29. Qxa4 Rd2+ 0-1

[Event "Flint (Class C/4)"]
[Site "?"]
[Date "1990.??.??"]
[Round "?"]
[White "Cain, B."]
[Black "Mannor, Eric"]
[Result "1-0"]
[WhiteElo "1605"]
[BlackElo "1605"]
[PlyCount "91"]
[EventDate "1990.??.??"]

1. c4 e5 2. g3 d6 3. Bg2 Nf6 4. Nc3 c6 5. d3 h6 6. h3 Be7 7. e4 a6 8. a4 c5 9.
Nge2 Nc6 10. O-O Nd4 11. Nxd4 cxd4 12. Nd5 Be6 13. Bd2 Nxd5 14. cxd5 Bd7 15.
Qb3 b5 16. axb5 axb5 17. Rfc1 O-O 18. f4 g6 19. fxe5 dxe5 20. Bxh6 Re8 21. Qd1
Bg5 22. Rxa8 Be3+ 23. Bxe3 Qxa8 24. Bd2 Rf8 25. Bb4 Rc8 26. Rxc8+ Qxc8 27. Kh2
f5 28. exf5 Bxf5 29. g4 Bd7 30. Qf3 Kg7 31. Qe2 Qe8 32. Bd6 Kf6 33. g5+ Kxg5
34. Qxe5+ Qxe5+ 35. Bxe5 Kf5 36. Bxd4 Kf4 37. h4 Kg4 38. Bh3+ Kxh4 39. Bxd7 Kg5
40. Kg3 Kh5 41. Be6 b4 42. d6 g5 43. d7 Kg6 44. d8=Q Kh5 45. Bf7+ Kh6 46. Qf6+
1-0

[Event "Lansing (MI Am/3/23)"]
[Site "?"]
[Date "1990.??.??"]
[Round "?"]
[White "Cain, B."]
[Black "June, Brian"]
[Result "1/2-1/2"]
[WhiteElo "1605"]
[BlackElo "1745"]
[PlyCount "152"]
[EventDate "1990.??.??"]

{3/(23)} 1. d4 d5 2. Nf3 Nf6 3. e3 c5 4. c3 Bf5 5. Nbd2 e6 6. Ne5 Be7 7. Bd3
Bxd3 8. Nxd3 cxd4 9. cxd4 O-O 10. O-O Nc6 11. a3 Rc8 12. b4 Nd7 13. Nb3 a6 14.
Bb2 Nb6 15. Rc1 Nc4 16. Nbc5 Qc7 17. Re1 Rfd8 18. Ra1 Qb6 19. Bc3 Qc7 20. a4
Nb8 21. a5 Qc6 22. Qa4 b5 23. Qd1 Nd7 24. Nxd7 Qxd7 25. Nc5 Bxc5 26. dxc5 Qe7
27. Qg4 f6 28. h4 e5 29. h5 Qd7 30. Qxd7 Rxd7 31. Rad1 Rcd8 32. f4 Kf7 33. fxe5
fxe5 34. Rf1+ Ke6 35. Kf2 Nxe3 36. Kxe3 d4+ 37. Bxd4 Rxd4 38. Rb1 Rd3+ 39. Kf2
Rf8+ 40. Ke2 Rxf1 41. Kxf1 Kd5 42. Ke2 Rd4 43. Rc1 Kc6 44. Rb1 Rh4 45. Ke3 Rxh5
46. Ke4 Rg5 47. Rb2 g6 48. Kf3 h5 49. Rd2 Rf5+ 50. Ke4 Rf4+ 51. Kxe5 Rxb4 52.
Rd6+ Kxc5 53. Rxg6 Rg4 54. Rxa6 Rxg2 55. Rh6 Ra2 56. Rxh5 Rxa5 57. Ke4+ Kc4 58.
Ke3 Kb3 59. Kd3 Ka4 60. Kc2 Ra8 61. Kb2 Rc8 62. Rh4+ Rc4 63. Rh3 Rg4 64. Rh2
Rg3 65. Rh4+ b4 66. Rh2 b3 67. Rh4+ Kb5 68. Rh5+ Kc4 69. Rh4+ Kb5 70. Rh5+ Kc6
71. Rh6+ Kd5 72. Rh5+ Ke4 73. Rh4+ Kf5 74. Rh5+ Kg4 75. Rb5 Re3 76. Rxb3 Rxb3+
1/2-1/2

[Event "Lansing (MI Am/5/34)"]
[Site "?"]
[Date "1990.??.??"]
[Round "?"]
[White "Cain, B."]
[Black "James, Larry"]
[Result "0-1"]
[WhiteElo "1605"]
[BlackElo "1605"]
[PlyCount "92"]
[EventDate "1990.??.??"]

{5/(34)} 1. d4 d5 2. Nf3 Nf6 3. e3 a6 4. Nbd2 g6 5. Bd3 Bg7 6. O-O O-O 7. c3
Re8 8. Re1 Bg4 9. h3 Bxf3 10. Qxf3 e6 11. e4 c6 12. e5 Nfd7 13. Qg3 Nf8 14. Nf3
Nbd7 15. h4 c5 16. h5 cxd4 17. cxd4 Qb6 18. h6 Bh8 19. Qf4 Qc7 20. Bd2 Nb8 21.
Qg4 Nc6 22. Rac1 Rac8 23. Bb4 Qd7 24. Bd6 Ne7 25. Qf4 Rc6 26. Ng5 Nc8 27. Rxc6
bxc6 28. Bxf8 Rxf8 29. Rc1 f6 30. Nxe6 Qxe6 31. exf6 Qxf6 32. Qxf6 Bxf6 33.
Rxc6 Bxd4 34. Bxa6 Bxf2+ 35. Kh2 Ne7 36. Rc7 Kf7 37. Bb7 Rd8 38. Kh3 d4 39. Be4
Be3 40. Bxg6+ Kxg6 41. Rxe7 Bxh6 42. Re1 d3 43. Rd1 d2 44. Kg3 Re8 45. Kf2 Bg5
46. Kf3 Re1 0-1

[Event "Flint (Class C/2)"]
[Site "?"]
[Date "1990.??.??"]
[Round "?"]
[White "Cain, B."]
[Black "Bloch, Hermann"]
[Result "1/2-1/2"]
[WhiteElo "1605"]
[BlackElo "1605"]
[PlyCount "87"]
[EventDate "1990.??.??"]

1. c4 e6 2. g3 Nf6 3. Bg2 d5 4. cxd5 exd5 5. d4 Be6 6. Nf3 Bb4+ 7. Bd2 Bxd2+ 8.
Nbxd2 Nc6 9. O-O O-O 10. a3 Qd6 11. b4 b5 12. Nb3 a5 13. bxa5 Nxa5 14. Nxa5
Rxa5 15. Qb3 Rfa8 16. a4 bxa4 17. Qb2 Nd7 18. Rfc1 Nb6 19. Ne5 c5 20. dxc5 Rxc5
21. Rxc5 Qxc5 22. Rc1 a3 23. Qa1 Qa5 24. Nc6 Qd2 25. Rb1 Nc4 26. Qd4 Qxd4 27.
Nxd4 a2 28. Ra1 Kf8 29. e4 dxe4 30. Bxe4 Ra4 31. Bc2 Ra5 32. Bb3 Ra6 33. Nxe6+
Rxe6 34. Bxc4 Re4 35. Bd5 Rd4 36. Bb3 Rb4 37. Bxa2 Ra4 38. Kg2 h5 39. h4 g6 40.
Kf3 Kg7 41. Kg2 f5 42. f4 Ra3 43. Kf2 Kf6 44. Kg2 1/2-1/2

[Event "Flint (Class C/5)"]
[Site "?"]
[Date "1990.??.??"]
[Round "?"]
[White "Cain, B."]
[Black "Asbury, Victor"]
[Result "0-1"]
[WhiteElo "1605"]
[BlackElo "1605"]
[PlyCount "98"]
[EventDate "1990.??.??"]

1. c4 c5 2. g3 Nc6 3. Bg2 g6 4. Nc3 Bg7 5. Nf3 e6 6. O-O Nge7 7. a3 a6 8. Rb1
Rb8 9. b4 cxb4 10. axb4 O-O 11. b5 axb5 12. cxb5 Ne5 13. Nxe5 Bxe5 14. Bb2 d5
15. d4 Bg7 16. e3 Bd7 17. Qb3 Nc8 18. Ba3 Re8 19. Ra1 Nb6 20. Bc5 Nc4 21. Rfd1
b6 22. Bb4 Qc7 23. Bf1 Rec8 24. Bxc4 Qxc4 25. Qb2 Bxb5 26. Nxb5 Qxb5 27. Ba3
Qxb2 28. Bxb2 b5 29. Rdc1 Rc4 30. Rxc4 dxc4 31. Bc3 Bf8 32. Rb1 b4 33. Kf1 Bd6
34. Ke1 bxc3 35. Rxb8+ Bxb8 36. Kd1 Bc7 37. Kc2 Ba5 38. g4 Kf8 39. f3 Ke7 40.
e4 Kd6 41. h3 f5 42. gxf5 gxf5 43. h4 h5 44. Kc1 fxe4 45. fxe4 e5 46. d5 Kc5
47. Kc2 Kd4 48. d6 Kxe4 49. d7 Kd4 0-1

[Event "Detroit (RVO/2)"]
[Site "?"]
[Date "1990.??.??"]
[Round "?"]
[White "Butler, E."]
[Black "Smith, Ed"]
[Result "1-0"]
[WhiteElo "2140"]
[BlackElo "1750"]
[PlyCount "49"]
[EventDate "1990.??.??"]

1. e4 Nf6 2. Nc3 e5 3. f4 d6 4. Nf3 Bg4 5. Bc4 Bxf3 6. Qxf3 c6 7. d3 Nbd7 8.
Bb3 Nc5 9. O-O Nxb3 10. axb3 Be7 11. fxe5 dxe5 12. Qg3 O-O 13. Qxe5 Qb6+ 14.
Kh1 Rae8 15. Qg3 a6 16. e5 Nh5 17. Qg4 g6 18. Bh6 Ng7 19. Ne4 Kh8 20. Nf6 Rd8
21. Qh3 Bxf6 22. exf6 Nf5 23. Bxf8 Rxf8 24. g4 Qe3 25. Rf3 1-0

[Event "Detroit (RVO/5)"]
[Site "?"]
[Date "1990.??.??"]
[Round "?"]
[White "Butler, E."]
[Black "Skidmore, Mike"]
[Result "0-1"]
[WhiteElo "2140"]
[BlackElo "1915"]
[PlyCount "62"]
[EventDate "1990.??.??"]

1. e4 c6 2. d4 d5 3. Nc3 dxe4 4. Nxe4 Nd7 5. Nf3 Ndf6 6. Ng3 Bg4 7. Be2 e6 8.
h3 Bxf3 9. Bxf3 Bd6 10. Ne2 Ne7 11. O-O Ng6 12. g3 Qb8 13. c4 O-O 14. b3 e5 15.
Bb2 e4 16. Bg2 e3 17. f4 Re8 18. Qd3 Nh5 19. f5 Ne7 20. g4 Ng3 21. Nxg3 Bxg3
22. Qxe3 Nxf5 23. Qf3 Bh2+ 24. Kh1 Ng3+ 25. Kxh2 Nxf1+ 26. Kg1 Nd2 27. Qd3 Qf4
28. Bc3 Nf3+ 29. Qxf3 Qxf3 30. Bxf3 Re3 31. Kf2 Rxc3 0-1

[Event "Detroit (MOR/3/26)"]
[Site "?"]
[Date "1990.??.??"]
[Round "?"]
[White "Burwell, Raymond"]
[Black "Waller, A."]
[Result "0-1"]
[WhiteElo "1750"]
[BlackElo "1605"]
[PlyCount "70"]
[EventDate "1990.??.??"]

{3/(26)} 1. b3 Nf6 2. Bb2 e6 3. g3 c5 4. Bg2 Be7 5. c4 O-O 6. Nf3 Nc6 7. O-O
Qc7 8. Nc3 b6 9. d4 Bb7 10. d5 exd5 11. cxd5 Ne5 12. e4 a6 13. Re1 Ne8 14. Nxe5
Qxe5 15. Qd2 Qc7 16. e5 d6 17. Rad1 dxe5 18. Ne4 Rd8 19. Ng5 Bxg5 20. Qxg5 f6
21. Qg4 Qf7 22. Be4 g6 23. Bc1 Nd6 24. Bb1 Bxd5 25. Rd2 Be6 26. Red1 Qe7 27.
Qa4 a5 28. Qc6 Nf5 29. Rxd8 Nd4 30. Rxf8+ Kxf8 31. Bh6+ Kf7 32. Be4 Nxc6 33.
Bxc6 g5 34. h4 Kg6 35. hxg5 fxg5 0-1

[Event "Detroit (MOR/1a/11)"]
[Site "?"]
[Date "1990.??.??"]
[Round "?"]
[White "Burwell, Raymond"]
[Black "Shields, B."]
[Result "1-0"]
[WhiteElo "1740"]
[BlackElo "1605"]
[PlyCount "63"]
[EventDate "1990.??.??"]

1. b3 d5 2. Bb2 Nf6 3. Nf3 e6 4. g3 Be7 5. Bg2 O-O 6. O-O c5 7. e3 Bd7 8. Ne5
Bb5 9. c4 Ba6 10. d3 Nc6 11. Nd2 Bd6 12. Ng4 Nxg4 13. Qxg4 Ne5 14. Qe2 Rc8 15.
Nf3 f6 16. Bh3 Qe8 17. Nxe5 fxe5 18. cxd5 Rd8 19. Bxe6+ Kh8 20. e4 Rf6 21. Rad1
Bc7 22. f4 Bb6 23. f5 c4+ 24. Kg2 cxd3 25. Qg4 d2 26. Rh1 h5 27. Qh4 Be3 28.
Bxe5 Rh6 29. f6 Qg6 30. fxg7+ Kh7 31. Bf5 Rxd5 32. Bxg6+ 1-0

[Event "Detroit (RVO/5)"]
[Site "?"]
[Date "1990.??.??"]
[Round "?"]
[White "Burwell, Raymond"]
[Black "Pence, Mark"]
[Result "0-1"]
[WhiteElo "1740"]
[BlackElo "2045"]
[PlyCount "126"]
[EventDate "1990.??.??"]

1. e4 c5 2. Nf3 d6 3. Bc4 e6 4. O-O Nc6 5. Nc3 Nf6 6. Re1 Be7 7. d3 a6 8. a4
Qc7 9. Bg5 h6 10. Bh4 O-O 11. h3 Re8 12. Qd2 b6 13. Bg3 e5 14. Bh4 Be6 15. Bxf6
Bxf6 16. Nd5 Bxd5 17. Bxd5 Ra7 18. Ra3 Ne7 19. Bb3 Qc6 20. Nh2 d5 21. exd5 Nxd5
22. c3 Nf4 23. Re4 Rd8 24. Rxf4 exf4 25. Qxf4 Re7 26. Ng4 Re1+ 27. Kh2 Qd6 28.
Nxf6+ gxf6 29. Qxd6 Rxd6 30. Bc4 a5 31. Kg3 Kg7 32. Kf3 f5 33. b3 Rg6 34. d4
Rc1 35. dxc5 Rxc3+ 36. Kf4 bxc5 37. g3 Rb6 38. Ra2 Kf6 39. Rd2 Rb4 40. Rd6+ Kg7
41. Ke5 Rcxc4 42. bxc4 Rxc4 43. Kd5 Rxa4 44. Kxc5 Ra2 45. Kb5 Rxf2 46. Rd3 Rh2
47. g4 fxg4 48. hxg4 Rg2 49. Rd4 Kg6 50. Kxa5 Kg5 51. Rd7 Rf2 52. Rd6 Rf4 53.
Kb5 Rxg4 54. Kc5 h5 55. Rd8 h4 56. Kd5 f5 57. Rh8 Kf4 58. Kd4 Kg3+ 59. Ke3 h3
60. Ke2 Kg2 61. Rf8 h2 62. Rxf5 h1=Q 63. Rf2+ Kg3 0-1

[Event "Detroit (MCO/1/3)"]
[Site "?"]
[Date "1990.??.??"]
[Round "?"]
[White "Burwell, Raymond"]
[Black "Noren, Kevin"]
[Result "1-0"]
[WhiteElo "1740"]
[BlackElo "2255"]
[PlyCount "73"]
[EventDate "1990.??.??"]

{1/(3)} 1. e4 e6 2. Nf3 d5 3. exd5 exd5 4. d4 Bd6 5. Bd3 Ne7 6. Bg5 f6 7. Be3
Bg4 8. Nbd2 Nbc6 9. c3 Qd7 10. Qc2 O-O-O 11. h3 Bf5 12. Nb3 Bxd3 13. Qxd3 Nf5
14. O-O-O Nxe3 15. Qxe3 b6 16. Qd3 Kb7 17. Kb1 Ne7 18. Rhe1 Ng6 19. Nfd2 Nf4
20. Qf1 a5 21. Nc1 Qf5+ 22. Ka1 a4 23. g4 Qc2 24. a3 h5 25. Nb1 hxg4 26. Rd2
Qg6 27. hxg4 Qxg4 28. Qb5 Ra8 29. b4 axb3 30. Nxb3 Bxa3 31. Nxa3 Rxa3+ 32. Ra2
Rxa2+ 33. Kxa2 Qg6 34. Nc5+ Kb8 35. Kb3 Qf5 36. Ra1 Rc8 37. Qc6 1-0

[Event "Detroit (RVO/3)"]
[Site "?"]
[Date "1990.??.??"]
[Round "?"]
[White "Burwell, Raymond"]
[Black "Ladomer, W."]
[Result "1-0"]
[WhiteElo "1740"]
[BlackElo "1605"]
[PlyCount "55"]
[EventDate "1990.??.??"]

1. e4 e5 2. Nf3 Nc6 3. d4 exd4 4. c3 d5 5. exd5 Qxd5 6. cxd4 Bg4 7. Be2 Bb4+ 8.
Nc3 Nf6 9. O-O Bxc3 10. bxc3 O-O 11. h3 Bh5 12. Qc2 Bg6 13. Bd3 Bxd3 14. Qxd3
Na5 15. Re1 Qc4 16. Qc2 Nd5 17. Bd2 Nc6 18. Re2 Qxe2 19. Re1 Qc4 20. Ng5 g6 21.
Ne4 Ncb4 22. Qd1 Nxa2 23. Bh6 Naxc3 24. Qf3 Nxe4 25. Qxe4 Nf6 26. Qf3 Rfd8 27.
Qxf6 Qxd4 28. Re8+ 1-0

[Event "Detroit (RVO/1)"]
[Site "?"]
[Date "1990.??.??"]
[Round "?"]
[White "Burwell, Raymond"]
[Black "Given, R."]
[Result "1-0"]
[WhiteElo "1740"]
[BlackElo "1605"]
[PlyCount "93"]
[EventDate "1990.??.??"]

1. e4 c5 2. Nf3 d6 3. Bc4 e6 4. Nc3 a6 5. a4 Nc6 6. O-O Nf6 7. Re1 Nd4 8. e5
Nxf3+ 9. Qxf3 dxe5 10. Rxe5 Bd6 11. Re1 O-O 12. d3 Qc7 13. h3 Bd7 14. Ne4 Nxe4
15. dxe4 b5 16. axb5 Bxb5 17. Bxb5 axb5 18. Rxa8 Bh2+ 19. Kh1 Rxa8 20. g3 Bxg3
21. Qxg3 Qxg3 22. fxg3 e5 23. Kg2 f6 24. Kf2 Kf8 25. Rd1 c4 26. Rd5 Rb8 27. Rd7
b4 28. Rc7 b3 29. Rxc4 bxc2 30. Rxc2 Rb3 31. Rc3 Rxc3 32. bxc3 Ke7 33. Ba3+ Ke6
34. Ke3 g6 35. Bf8 h5 36. Bc5 Kd7 37. Kd3 Kc6 38. Kc4 f5 39. h4 f4 40. gxf4
exf4 41. e5 Kd7 42. Kd5 g5 43. hxg5 h4 44. e6+ Ke8 45. Ke4 h3 46. Bg1 Ke7 47.
Kxf4 1-0

[Event "Detroit (MCO/3/8)"]
[Site "?"]
[Date "1990.??.??"]
[Round "?"]
[White "Burwell, Raymond"]
[Black "Chehayeb, Sal"]
[Result "0-1"]
[WhiteElo "1740"]
[BlackElo "2150"]
[PlyCount "31"]
[EventDate "1990.??.??"]

{3/(8)} 1. e4 c5 2. Nf3 d6 3. Be2 Nc6 4. O-O g6 5. Nc3 Bg7 6. d3 e5 7. Bg5 f6
8. Be3 Nge7 9. Qd2 Nd4 10. Bd1 O-O 11. Bh6 Be6 12. Bxg7 Kxg7 13. Nxd4 cxd4 14.
Ne2 d5 15. f4 {[0-1,38?]} exf4 16. Nxf4 0-1

[Event "Lansing (Apr)"]
[Site "?"]
[Date "1990.??.??"]
[Round "?"]
[White "Burton, J."]
[Black "Jackson, Don"]
[Result "0-1"]
[WhiteElo "1605"]
[BlackElo "1605"]
[PlyCount "92"]
[EventDate "1990.??.??"]

1. e4 c5 2. Nf3 Nc6 3. d4 cxd4 4. Nxd4 d6 5. Bb5 Bd7 6. O-O a6 7. Nxc6 bxc6 8.
Bc4 Nf6 9. Nc3 e5 10. Qf3 Be7 11. g4 O-O 12. h3 Be6 13. Bd3 g6 14. Qe2 Qb6 15.
b3 Qb4 16. Bd2 Qd4 17. Rfd1 d5 18. exd5 cxd5 19. Qe1 Nxg4 20. hxg4 Bxg4 21. Qe3
Qxe3 22. fxe3 Bxd1 23. Rxd1 Rfd8 24. Kf2 Bg5 25. Ke2 f5 26. Rg1 h6 27. Kd1 Kg7
28. Na4 e4 29. Bf1 d4 30. exd4 Rxd4 31. Rxg5 hxg5 32. Kc1 Rad8 33. Bc3 e3 34.
Bxd4+ Rxd4 35. Bxa6 f4 36. c3 Rd2 37. b4 Rxa2 38. Nc5 Kh6 39. Nd3 e2 40. b5 f3
41. Kb1 Rd2 42. Kc1 Rxd3 43. b6 e1=Q+ 44. Kb2 Qxc3+ 45. Kb1 Rd2 46. Bd3 Qb2#
0-1

[Event "Flint (Class C/4)"]
[Site "?"]
[Date "1990.??.??"]
[Round "?"]
[White "Burnham, Kim"]
[Black "Sells, P."]
[Result "1/2-1/2"]
[WhiteElo "1605"]
[BlackElo "1605"]
[PlyCount "68"]
[EventDate "1990.??.??"]

1. d4 Nf6 2. c4 g6 3. Nc3 d5 4. Nf3 Bg7 5. b4 O-O 6. e3 a5 7. b5 c6 8. a4 Re8
9. Ne5 cxb5 10. Nxb5 Nbd7 11. f4 Ne4 12. Bd3 f6 13. cxd5 Nd6 14. Nxd6 exd6 15.
Nc4 Nb6 16. Nxb6 Qxb6 17. Rb1 Qxd4 18. Kf2 Qa7 19. Re1 b6 20. Bb5 Bd7 21. Bxd7
Qxd7 22. Rxb6 Re4 23. Ba3 Bf8 24. Rc6 Qd8 25. Qd3 f5 26. Rb1 Rb8 27. Rxb8 Qxb8
28. Qb5 Qa7 29. Qb6 Qxb6 30. Rxb6 Rxa4 31. Bxd6 Bxd6 32. Rxd6 Ra2+ 33. Kg3 Rd2
34. Rd7 a4 1/2-1/2

[Event "Lansing (MI Am/5/36)"]
[Site "?"]
[Date "1990.??.??"]
[Round "?"]
[White "Burnham, Kim"]
[Black "Moceri, Paul"]
[Result "0-1"]
[WhiteElo "1605"]
[BlackElo "1610"]
[PlyCount "34"]
[EventDate "1990.??.??"]

{5/(36)} 1. d4 Nf6 2. c4 e6 3. Nc3 d5 4. g3 c5 5. dxc5 Bxc5 6. Bf4 Nc6 7. Bg2
d4 8. Ne4 Bb4+ 9. Bd2 O-O 10. Nxf6+ Qxf6 11. Bxc6 Bxd2+ 12. Qxd2 bxc6 13. Nf3
e5 14. O-O Bh3 15. Rfd1 Rfd8 16. Qa5 d3 17. exd3 Qxf3 0-1

[Event "Flint (Class C/2)"]
[Site "?"]
[Date "1990.??.??"]
[Round "?"]
[White "Burnham, Kim"]
[Black "Miller, Dan"]
[Result "1-0"]
[WhiteElo "1605"]
[BlackElo "1605"]
[PlyCount "53"]
[EventDate "1990.??.??"]

1. d4 d5 2. c4 dxc4 3. e3 b5 4. a4 c6 5. axb5 cxb5 6. Qf3 a6 7. Qxa8 Qb6 8. Qf3
g6 9. Qd1 Bg7 10. Nf3 Nf6 11. b3 cxb3 12. Qxb3 Be6 13. Qd1 O-O 14. Nc3 Rc8 15.
Bd2 b4 16. Na4 Qd6 17. Bd3 a5 18. O-O Nbd7 19. Rc1 Rxc1 20. Qxc1 Bf8 21. e4 Ng4
22. Bc4 Nb6 23. Bxe6 Qxe6 24. Nxb6 Qxb6 25. h3 Nf6 26. Qc8 Nxe4 27. Bh6 1-0

[Event "Lansing (MI Am/1/23)"]
[Site "?"]
[Date "1990.??.??"]
[Round "?"]
[White "Burnham, Kim"]
[Black "Hobbs, Raymond"]
[Result "1-0"]
[WhiteElo "1605"]
[BlackElo "1870"]
[PlyCount "81"]
[EventDate "1990.??.??"]

{1/(23)} 1. d4 Nf6 2. c4 g6 3. Nc3 Bg7 4. e4 d6 5. Nf3 O-O 6. Be2 c5 7. d5 Na6
8. O-O Nc7 9. a4 a6 10. Be3 e5 11. Nd2 Nfe8 12. Qc2 f5 13. exf5 gxf5 14. f4 e4
15. Rfb1 Bd4 16. Nf1 Qh4 17. g3 Qh3 18. Qd2 Bg7 19. b4 b6 20. bxc5 bxc5 21. Ra3
Nf6 22. Rb6 Nce8 23. Rab3 Nd7 24. Rc6 Qh6 25. a5 Bxc3 26. Qxc3 Qf6 27. Qxf6
Rxf6 28. Bd2 Kf8 29. Bh5 Rh6 30. Bxe8 Kxe8 31. Ne3 Rf6 32. Bc3 Rf7 33. Rxd6 Rb8
34. Rxb8 Nxb8 35. Rb6 Nd7 36. Rc6 Kd8 37. Bb2 Bb7 38. Rh6 Ke7 39. Rh5 Nf8 40.
Nxf5+ Kd7 41. Ba3 1-0

[Event "Detroit (RVO/2)"]
[Site "?"]
[Date "1990.??.??"]
[Round "?"]
[White "Burnham, Kim"]
[Black "Hamilton, S."]
[Result "1/2-1/2"]
[WhiteElo "1605"]
[BlackElo "1700"]
[PlyCount "121"]
[EventDate "1990.??.??"]

1. d4 d5 2. c4 Nf6 3. Nc3 e6 4. Bg5 c6 5. Nf3 Be7 6. Qc2 O-O 7. e3 Nbd7 8. c5
h6 9. Bh4 Re8 10. Bd3 b6 11. b4 Nf8 12. h3 Nh5 13. Bxe7 Rxe7 14. O-O Qc7 15.
Ne5 Nf6 16. a4 N6d7 17. f4 bxc5 18. bxc5 a5 19. Qe2 Nf6 20. Rab1 N8d7 21. Nf3
Qa7 22. Rb2 Re8 23. Rfb1 Rb8 24. Ne5 Rxb2 25. Qxb2 Nxe5 26. fxe5 Nd7 27. Ne2
Ba6 28. Bxa6 Qxa6 29. Nc1 Qa7 30. Qb7 Qxb7 31. Rxb7 Rb8 32. Rxb8+ Nxb8 33. Nb3
Kf8 34. Nxa5 Ke7 35. Kf2 Kd7 36. Ke2 Kc7 37. Kd3 Nd7 38. e4 f6 39. exd5 exd5
40. exf6 Nxf6 41. Ke3 g5 42. g4 Ne4 43. Nb3 Nc3 44. a5 Nd1+ 45. Kf3 Nb2 46. Kg3
Nc4 47. h4 Kb7 48. hxg5 hxg5 49. Kf3 Ka6 50. Kg3 Nxa5 51. Nd2 Kb5 52. Nf3 Kc4
53. Nxg5 Kxd4 54. Kf4 Kxc5 55. Ne6+ Kd6 56. Kf5 Ke7 57. g5 Nb7 58. Ke5 Nd6 59.
g6 Nf7+ 60. gxf7 Kxf7 61. Nd8+ 1/2-1/2

[Event "Lansing (MI Am/3/30)"]
[Site "?"]
[Date "1990.??.??"]
[Round "?"]
[White "Burnham, Kim"]
[Black "Grzegorczyk, Ron"]
[Result "0-1"]
[WhiteElo "1605"]
[BlackElo "1680"]
[PlyCount "66"]
[EventDate "1990.??.??"]

{3/(30)} 1. d4 d5 2. c4 c6 3. Nc3 Nf6 4. e3 Bf5 5. Nf3 h6 6. Be2 e6 7. c5 Be7
8. O-O O-O 9. Bd2 Nbd7 10. b4 Qc7 11. a4 a6 12. b5 e5 13. bxa6 bxa6 14. a5 Bh7
15. Qa4 g5 16. Ne1 h5 17. Bd3 e4 18. Be2 Bf5 19. h3 g4 20. h4 g3 21. f4 Bg4 22.
Bxg4 Nxg4 23. Nc2 Bxh4 24. Nb4 Nb8 25. f5 Bg5 26. Nc2 Qd7 27. Rab1 Nh2 28. Rfc1
Qxf5 29. Ne2 Qf2+ 30. Kh1 Qxe2 31. Bc3 Qg4 32. Rf1 Nxf1 33. Rxf1 Qh4+ 0-1

[Event "Detroit (RVO/3)"]
[Site "?"]
[Date "1990.??.??"]
[Round "?"]
[White "Burnham, Kim"]
[Black "Fiedler, Robert"]
[Result "0-1"]
[WhiteElo "1605"]
[BlackElo "1750"]
[PlyCount "90"]
[EventDate "1990.??.??"]

1. d4 Nf6 2. c4 e6 3. Nf3 Be7 4. Nc3 O-O 5. e4 b6 6. Be2 Bb7 7. Qc2 d6 8. O-O
Nbd7 9. Be3 h6 10. h3 Ne8 11. e5 f6 12. exd6 Nxd6 13. Nh4 f5 14. Ng6 Rf6 15.
Nxe7+ Qxe7 16. f4 Rg6 17. Bf3 Qh4 18. Bxb7 Nxb7 19. Rf3 Nd6 20. b3 Rf8 21. Qf2
Qf6 22. Rg3 Rf7 23. Rxg6 Qxg6 24. Qh4 Nf6 25. Rf1 a5 26. d5 exd5 27. cxd5 Qh5
28. Qxh5 Nxh5 29. Kh2 Nf6 30. Bd4 Nfe4 31. Nxe4 Nxe4 32. Be5 Rd7 33. Rd1 Kf7
34. Kg1 c6 35. d6 Kf8 36. Rd3 g5 37. g3 Kf7 38. Kg2 Ke6 39. Kf3 Nxd6 40. g4
fxg4+ 41. Kxg4 gxf4 42. Bxf4 Rg7+ 43. Kh5 Nf5 44. Bxh6 Rh7 45. Kg6 Rxh6+ 0-1

[Event "Detroit (RVO/5)"]
[Site "?"]
[Date "1990.??.??"]
[Round "?"]
[White "Burke, David"]
[Black "Smeltzer, P."]
[Result "1-0"]
[WhiteElo "1605"]
[BlackElo "1605"]
[PlyCount "105"]
[EventDate "1990.??.??"]

1. e4 c5 2. Nf3 d6 3. d4 cxd4 4. Nxd4 Nf6 5. Nc3 g6 6. Bg5 Bg7 7. Qd2 O-O 8.
Be2 Nc6 9. Nxc6 bxc6 10. O-O Qc7 11. Bh6 d5 12. Bxg7 Kxg7 13. Bf3 Ba6 14. Rfe1
Rad8 15. exd5 cxd5 16. Qd4 Kg8 17. Nxd5 Nxd5 18. Bxd5 Rd6 19. Qf4 Qd7 20. Bb3
Bb7 21. c3 Rf6 22. Qe3 Re8 23. Qxa7 Qc6 24. f3 Ra8 25. Qf2 e6 26. Bc2 Qb5 27.
Qh4 Kg7 28. b4 Bd5 29. a4 Qb8 30. Be4 Rf4 31. Qg3 Bxe4 32. Rxe4 e5 33. Rxf4
exf4 34. Qf2 Qd6 35. Qd4+ Qxd4+ 36. cxd4 Kf6 37. Kf2 Ke6 38. Ke2 Kd5 39. Kd3 f5
40. a5 Rc8 41. a6 Ra8 42. b5 Kd6 43. Kc4 Rc8+ 44. Kd3 Ra8 45. Kc4 Kc7 46. Kc5
Rc8 47. d5 Kb8+ 48. Kb6 Rc2 49. Re1 Rc8 50. d6 Ka8 51. d7 Rb8+ 52. Kc6 Ka7 53.
Re8 1-0